000 00434nam a2200145Ia 4500
008 100204s9999 xx 000 0 und d
082 _b8089
100 _aयादव राजेंद्र
245 _aसारे आकाश
260 _b"सुपर्ण प्रकाशन , पुणे"
_c1985
300 _a190
630 _aसारे आकाश
730 _aसारे आकाश
942 _cBOOK
999 _c452525
_d452522